Una fortificación desconocida (Record no. 139098)

MARC details
000 -LEADER
campo de control de longitud fija 00715nam a2200193 4500
001 - NÚMERO DE CONTROL
campo de control 139098
003 - IDENTIFICADOR DE NÚMERO DE CONTROL
campo de control ES-MaACL
005 - FECHA Y HORA DE LA ÚLTIMA TRANSACCIÓN
campo de control 20240518063038.0
007 - CAMPO FIJO DE DESCRIPCIÓN FÍSICA--INFORMACIÓN GENERAL
campo de control de longitud fija t|
008 - DATOS DE LONGITUD FIJA--INFORMACIÓN GENERAL
campo de control de longitud fija 070214s1983 sp r ||||1| spa d
100 0# - ENTRADA PRINCIPAL--NOMBRE DE PERSONA
Nombre de persona Sanz y Díaz, José,
Fechas asociadas al nombre 1907-1988
9 (RLIN) 103694
245 14 - MENCIÓN DEL TÍTULO
Título Una fortificación desconocida
Resto del título : las ruinas ciclópeas del Prado de la Lobera /
Mención de responsabilidad, etc. José Sanz y Díaz.
260 ## - PUBLICACIÓN, DISTRIBUCIÓN, ETC.
Lugar de publicación, distribución, etc. [Guadalajara :
Nombre del editor, distribuidor, etc. s. n.,
Fecha de publicación, distribución, etc. 1983]
300 ## - DESCRIPCIÓN FÍSICA
Extensión 4 h. ;
Dimensiones 23 cm.
595 ## -
-- Tirada aparte de: Was-Al-Hayara: revista de estudios de Guadalajara, n. 10, 1983, p. 321-327.
651 #4 - PUNTO DE ACCESO ADICIONAL DE MATERIA--NOMBRE GEOGRÁFICO
Nombre geográfico Guadalajara (Provincia)-
Subdivisión general Restos arqueológicos.
9 (RLIN) 152537
852 ## - LOCALIZACIÓN
Ubicación ES-MaACL
Número de control de estantería 2130-F-27
Holdings
Estatus retirado Estado de pérdida Estado de daño No para préstamo Colección Biblioteca de origen Biblioteca actual Ubicación en estantería Fecha de adquisición Fuente de adquisición Total de préstamos Signatura topográfica completa Código de barras Visto por última vez Precio de reemplazo Tipo de ítem Koha
        Colección de folletos Biblioteca del Ateneo de Madrid Biblioteca del Ateneo de Madrid Depósito folletos 17/01/2008     2130-F-27 1144751 23/02/2023 23/02/2023 Folleto